Tích hợp mô hình Aquacrop và ảnh viễn thám Modis trong xác định cơ cấu mùa vụ và năng suất lúa trên các vùng đất Đồng bằng Sông Cửu Long : Luận án tiến sĩ ngành Khoa học đất

Nội dung luận án nghiên cứu tích hợp mô hình Aquacrop và ảnh viễn thám Modis trong xác định cơ cấu mùa vụ và năng suất lúa trên các vùng đất Đồng bằng Sông Cửu Long.

שמור ב:
מידע ביבליוגרפי
מחבר ראשי: Trần, Thị Hiền
פורמט: ספר
שפה:Undetermined
יצא לאור: Cần Thơ Trường Đại học Cần Thơ 2018
נושאים:
תגים: הוספת תג
אין תגיות, היה/י הראשונ/ה לתייג את הרשומה!
Thư viện lưu trữ: Trung tâm Học liệu Trường Đại học Cần Thơ
LEADER 01137nam a2200205Ia 4500
001 CTU_227335
008 210402s9999 xx 000 0 und d
082 |a 621.3678 
082 |b H305 
100 |a Trần, Thị Hiền 
245 0 |a Tích hợp mô hình Aquacrop và ảnh viễn thám Modis trong xác định cơ cấu mùa vụ và năng suất lúa trên các vùng đất Đồng bằng Sông Cửu Long : 
245 0 |b Luận án tiến sĩ ngành Khoa học đất 
245 0 |c Trần Thị Hiền ; Võ Quang Minh (cán bộ hướng dẫn) 
260 |a Cần Thơ 
260 |b Trường Đại học Cần Thơ 
260 |c 2018 
520 |a Nội dung luận án nghiên cứu tích hợp mô hình Aquacrop và ảnh viễn thám Modis trong xác định cơ cấu mùa vụ và năng suất lúa trên các vùng đất Đồng bằng Sông Cửu Long. 
650 |a Ứng dụng viễn thám,Remote sensing applications 
910 |b dqhieu 
980 |a Trung tâm Học liệu Trường Đại học Cần Thơ